书目信息 |
| 书名: | The Improbable Triumvirate | |
| 作者: | Norman Cousins. | |
| 分册号: | ||
| 分册名: | 出版地: | New York : |
|
| 出版社: | W.W.Norton & Company . Inc | |
| 出版时间: | 1972. | |
| 页数: | 171 p. ; | |
| 开本: | 20cm. | |
| 丛书名: | ||
| 中图分类号: | ||
| 科图分类号: | ||
| 其他分类号: | D8 | |
| 主题词: | ||
| 电子资源: | ||
| 000 | 00404nam 2200145 a 4500 | |
| 001 | E0161409337 | |
| 005 | 2001121217032807 | |
| 008 | 011212s1972 00010 eng | |
| 020 | @a0-393-05396-2 :@cRMB 12.00. | |
| 040 | @aPFT@beng | |
| 090 | @aD8 | |
| 099 | @dD8@eC867 | |
| 245 | @aThe Improbable Triumvirate / @cNorman Cousins. | |
| 260 | @aNew York :@bW.W.Norton & Company . Inc.,@c1972. | |
| 300 | @a171 p. ;@c20cm. | |
| The Improbable Triumvirate / / Norman Cousins.-New York : : W.W.Norton & Company . Inc., , 1972. |
| 171 p. ; ; 20cm. |
| ISBN 0-393-05396-2 :RMB 12.00. |
| ● |
| 相关链接 |
|
|
|
正题名:The Improbable Triumvirate
索取号:D8/C867
 
预约/预借
| 序号 | 登录号 | 条形码 | 馆藏地/架位号 | 状态 | 备注 |
| 1 | 0610 | 300006106 | 社科库509/509社科库 53排3列4层/ [索取号:D8/C867] | 在馆 |